Llwytho...

Impact of Titanium effluents on the biomass, composition, distribution, density and ecology of phytoplankton in the inshore waters of lakshasweep Sea at Vettukad, Thiruvananthapuram: Project

Manylion Llyfryddiaeth
Prif Awdur: Kavitha, DR
Fformat: Printed Book
Cyhoeddwyd: Dept. of Aquatic Biology & Fisheries, University of Kerala, Thiruvananthapuram 2004
Cyfres:Abdul Azis, PK
LEADER 00695nam a2200193 4500
020
082 |a M20042 KAV 
100 |a Kavitha, DR 
245 |a Impact of Titanium effluents on the biomass, composition, distribution, density and ecology of phytoplankton in the inshore waters of lakshasweep Sea at Vettukad, Thiruvananthapuram: Project 
250
260 |a Dept. of Aquatic Biology & Fisheries, University of Kerala, Thiruvananthapuram  |c 2004 
300
490 |a Abdul Azis, PK 
500
590 |a SHK 
650
942 |c BK 
999 |c 101536  |d 101536 
952 |0 0  |1 0  |4 0  |6 M_20042_000000000000000_KAV  |7 0  |9 115004  |a AQU  |b AQU  |l 0  |o M20042 KAV  |p AQUM20042  |r 2019-09-25  |w 2019-09-25  |y BK